Statistics for Country Transits: Closest Countries to Russia by Starting Letter

Click here to take the quiz!

General Stats

  • This quiz has been taken 161 times
    (134 since last reset)
  • The average score is 23 of 24

Answer Stats

LetterCountry% Correct
CChina (1)
99%
FFinland (1)
99%
LLatvia-Lithuania (1)
99%
IIndia-Iran (2)
98%
NNorth Korea-Norway (1)
98%
SSlovakia-South Korea-Sweden (2)
98%
YYemen (5)
98%
EEstonia (1)
97%
OOman (5)
97%
PPoland (1)
97%
QQatar (5)
97%
TTajikistan-Turkey-Turkmenistan (2)
97%
UUkraine (1)
97%
AAzerbaijan (1)
96%
DDenmark (3)
96%
MMongolia (1)
96%
ZZambia (9)
96%
BBelarus (1)
95%
HHungary (2)
95%
KKazakhstan (1)
95%
RRomania (2)
95%
GGeorgia (1)
94%
JJordan (4)
89%
VVietnam (2)
89%

Score Distribution

Percentile by Number Answered

Percent of People with Each Score

Your Score History

You have not taken this quiz since the last reset